000 00380nam a2200181Ia 4500
008 210210b xxu||||| |||| 00| 0 eng d
041 _aeng
082 _a430/39
100 _aVIRGIL
245 _aAeneid: Virgil Books III
260 _aLondon
_bW B Clive
_c
300 _a100
650 _aVirgil
650 _aIII
650 _aBooks
650 _aAeneid:
906 _a006181
999 _c128409
_d128409